000 00541nam a2200205Ia 4500
003 OSt
005 20220918230025.0
006 a|||||r|||| 00| 0
007 ta
008 220917b |||||||| |||| 00| 0 eng d
024 _a247,794
037 _cTextual
040 _aARTS
_cARTS
_beng
041 _2eng
_aeng
082 _aX8(A).2.N6, K6
245 0 _aUnder utilization of industrial capacity
260 _aNew Delhi
_b National Council India
_c1966
942 _hX8(A).2.N6, K6
_cTEXL
_2CC
999 _c286795
_d286795